000 00578nam a2200181Ia 4500
008 090124s9999 xx 000 0 und d
082 _b102639
100 _aकाटदरे मा. के. (माधव केशव)
245 _a शाली वाहन
250 _a1
260 _c1947
300 _a36
600 _aकाटदरे मा. के. (माधव केशव)
630 _a शाली वाहन
700 _aकाटदरे मा. के. (माधव केशव)
730 _a शाली वाहन
942 _cBOOK
999 _c148731
_d148731